[Event "Oberliga Bayern 9798"]
[Site "Bayern"]
[Date "1998.??.??"]
[Round "?.3"]
[White "Ferlan, Istok"]
[Black "Bocksberger, Stefan"]
[Result "0-1"]
[WhiteElo "2290"]
[BlackElo "2260"]
[PlyCount "82"]
[EventDate "1997.10.??"]
[EventType "team-tourn"]
[EventRounds "9"]
[EventCountry "GER"]
[SourceTitle "EXT 2020"]
[Source "ChessBase"]
[SourceDate "2019.10.17"]
[SourceVersion "1"]
[SourceVersionDate "2019.10.17"]
[SourceQuality "1"]
[WhiteTeam "Kitzingen SC"]
[BlackTeam "Pasing"]
[WhiteTeamCountry "GER"]
[BlackTeamCountry "GER"]

1. d4 f5 2. Nf3 Nf6 3. Bf4 g6 4. e3 Bg7 5. Bc4 e6 6. Nbd2 0-0 7. c3 d6 8. h3 Kh8 9. g4 Nc6 10. gxf5 exf5 11. Qc2 a6 12. 0-0-0 b5 13. Bd3 Be6 14. Kb1 Qd7 15. h4 Rab8 16. b3 Ne7 17. Ng5 Ned5 18. Nxe6 Qxe6 19. Rde1 Ne4 20. Bxe4 fxe4 21. Bg3 c5 22. Rc1 Rbe8 23. a3 a5 24. c4 bxc4 25. Nxc4 cxd4 26. exd4 Bxd4 27. Qd2 Bg7 28. Ka2 Rf3 29. Rhd1 Nc3+ 30. Rxc3 Rxc3 31. Rc1 Rxc1 32. Qxc1 Rc8 33. Qd2 a4 34. Qb4 axb3+ 35. Kxb3 d5 36. Nb6 Rc3+ 37. Ka4 Qe8+ 38. Ka5 Qc6 39. Bd6 Bf6 40. Be5 Rc5+ 41. Ka6 Bxe5 0-1

[Event "Oberliga Bayern 9697"]
[Site "Bayern"]
[Date "1997.??.??"]
[Round "?"]
[White "Oparaugo, Thomas"]
[Black "Bocksberger, Stefan"]
[Result "1/2-1/2"]
[WhiteElo "2081"]
[BlackElo "2250"]
[PlyCount "80"]
[EventDate "1996.10.13"]
[EventType "team-tourn"]
[EventRounds "9"]
[EventCountry "GER"]
[SourceTitle "EXT 2020"]
[Source "ChessBase"]
[SourceDate "2019.10.17"]
[SourceVersion "1"]
[SourceVersionDate "2019.10.17"]
[SourceQuality "1"]
[WhiteTeam "Goeggingen"]
[BlackTeam "Pasing"]
[WhiteTeamCountry "GER"]
[BlackTeamCountry "GER"]

1. e4 e5 2. Nf3 Nc6 3. Bb5 Nd4 4. Nxd4 exd4 5. 0-0 c6 6. Bc4 Nf6 7. Re1 d6 8. c3 Ng4 9. Qe2 dxc3 10. bxc3 Qh4 11. h3 Ne5 12. Bb3 Bxh3 13. d4 Bg4 14. Qe3 Ng6 15. Nd2 Be7 16. Nc4 0-0 17. Bd2 Be6 18. f4 b5 19. Na5 Bxb3 20. axb3 Rfc8 21. f5 Nf8 22. e5 dxe5 23. Qxe5 Bd8 24. Re4 Qf6 25. Bf4 Nd7 26. Qd6 Bxa5 27. Qxd7 Rd8 28. Rae1 h6 29. Re8+ Rxe8 30. Rxe8+ Rxe8 31. Qxe8+ Kh7 32. b4 Bb6 33. g4 h5 34. Be5 Qg5 35. Qxf7 hxg4 36. f6 Qe3+ 37. Kh1 Qf3+ 38. Kg1 Qe3+ 39. Kh1 Qh3+ 40. Kg1 Qe3+ 1/2-1/2

[Event "Oberliga Bayern 9697"]
[Site "Bayern"]
[Date "1997.??.??"]
[Round "?"]
[White "Ploetz, Werner"]
[Black "Bocksberger, Stefan"]
[Result "0-1"]
[WhiteElo "2265"]
[BlackElo "2250"]
[PlyCount "100"]
[EventDate "1996.10.13"]
[EventType "team-tourn"]
[EventRounds "9"]
[EventCountry "GER"]
[SourceTitle "EXT 2020"]
[Source "ChessBase"]
[SourceDate "2019.10.17"]
[SourceVersion "1"]
[SourceVersionDate "2019.10.17"]
[SourceQuality "1"]
[WhiteTeam "Muenchen FC Bayern"]
[BlackTeam "Pasing"]
[WhiteTeamCountry "GER"]
[BlackTeamCountry "GER"]

1. e4 e5 2. Nf3 Nc6 3. Bc4 Be7 4. 0-0 Nf6 5. d3 0-0 6. Re1 d6 7. c3 Na5 8. Bb5 a6 9. Ba4 b5 10. Bc2 Nc6 11. Nbd2 Re8 12. h3 Bf8 13. d4 g6 14. Nf1 Nh5 15. a4 Bd7 16. Bg5 Be7 17. Be3 Bf8 18. d5 Ne7 19. b4 c6 20. dxc6 Bxc6 21. axb5 axb5 22. N1d2 Bg7 23. Nb3 d5 24. Na5 Qd7 25. Nxc6 Qxc6 26. Rxa8 Qxa8 27. Bb3 Nf6 28. Nxe5 Nxe4 29. Bd4 Nf6 30. Ng4 Nxg4 31. hxg4 Bxd4 32. cxd4 Qa3 33. Bxd5 Qxb4 34. Re3 Rd8 35. Ba2 Rxd4 36. Qf3 Rf4 37. Qa8+ Kg7 38. Qb7 Qb2 39. Rf3 Rxf3 40. gxf3 Qxa2 41. Qxe7 Qd5 42. Kg2 Qd4 43. g5 b4 44. Kg3 b3 45. Qb7 b2 46. Qb8 Qc3 47. Kg2 h6 48. gxh6+ Kxh6 49. Qf4+ Kg7 50. Qb8 Qc1 0-1